000 00712nam a2200229 i 4500
001 79884
003 ES-MaACL
005 20250822062531.0
007 t|
008 041025s1968 sp ||||1| spa d
080 _a75 Goya, Francisco de
080 _a75 Velazquez, Diego
100 1 _aHerrán, Agustín de la.
_9144040
245 1 0 _aGoya y la mancha original de Isabel de Borbón /
_cpor Agustín de la Herrán.
260 _a[Bilbao :
_bEditorial Vizcaína,
_c1968]
300 _a53 p. ;
_c25 cm.
600 1 4 _aVelázquez, Diego,
_d1599-1660
_9113793
600 1 4 _aGoya, Francisco de,
_d1746-1828
_9240353
852 _aES-MaACL
_jC-45545
_bR.66909
942 _2udc
999 _c79884
_d79884